Datum a čas kvízu
26.5
Celkem bodů
Celkový počet nahraných bodů na tomto kvízu bez doplňovacích otázek.
2.
Pořadí na kvízu
Konečné umístění týmu na tomto kvízu.
Zaznamenané odpovědi
| # | Otázka | Odpověď | Body | Výsledky |
|---|---|---|---|---|
| 1. | Který český politik a lékař če... | Bohuslav Svoboda | 1 | |
| 2. | Farmáři z australského Nového... | borůvka | 0 | |
| 3. | Organizace UNESCO přidala na s... | v Berlíně | 1 | |
| 4. | Automobilka Škoda představila... | Epiq | 0 | |
| 5. | Pokolikáté zvítězil fenomenáln... | popáté (4 a 6 za půl bodu) | 0.5 | |
| 6. | Téma začneme v Evropě. Seřaďte... | 1A 2D 3C 4B | 0 | |
| 7. | Vůdcem Kuby byl několik deseti... | Raúl | 1 | |
| 8. | Které z těchto zvířat nežije p... | A | 0 | |
| 9. | Celkově kolikátou nejlidnatějš... | 4. nejlidnatější | 0 | |
| 10. | Jak se jmenuje ostrovní stát,... | Vanuatu | 0 |